| 000 | 00857nam a2200229 a 4500 | ||
|---|---|---|---|
| 001 | BRCA_190 | ||
| 005 | 20190320202921.0 | ||
| 008 | 910425s1987 mx-a---##b---s000-0#spa-# | ||
| 020 | _a9688160776 | ||
| 040 |
_aDLC _cDLC |
||
| 050 | 4 |
_aNA757.M4 _b.F47 1987 |
|
| 100 | 1 |
_aFernández García, Martha _9693 |
|
| 245 | 1 | 0 |
_aLa arquitectura de la Ciudad de México en el siglo XVII _cMartha Fernández. |
| 260 |
_aMéxico _bDepartamento del Distrito Federal, Secretaría General de Desarrollo Social, Comité Interno de Ediciones Gubernamentales _c1987 |
||
| 300 |
_a43 p. _bil. _c21 cm. |
||
| 440 | 0 |
_aCiudad y cultura _v2 _9694 |
|
| 504 | _aIncluye referencias bibliográficas | ||
| 650 | 1 | 4 |
_aArquitectura _zMéxico _9596 |
| 650 | 1 | 4 |
_aArquitectura barroca _zMéxico _923 |
| 651 | 4 |
_aMéxico (Ciudad) _xEdificios, estructuras, etc. _zMéxico _9695 |
|
| 942 |
_2lcc _cB |
||
| 999 |
_c159 _d159 |
||